000
00241nam a22001097a 4500
082
_a
621.38889 HEA'R
100
_a
HEATH, G. WARREN
_9
56549
245
_a
RAPID TV REPAIR
260
_a
NEWYORK
_b
GERNBOOK
_c
1956
300
_a
224P
942
_c
BK
999
_c
566940
_d
566940